héros dans miraculous - Statistiques

Statistiques générales
  • Ce quiz a été pris 106 fois
  • Le résultat moyen est 11 sur 15
Statistiques - réponses
Question Réponse % Correct
Quel le nom de Adrien en héro ? Chat noir
100%
Quel est le nom de marinette en héroïne ? Ladybug
100%
quel est le nom de Chloé en héroïne ? Queen bee
94%
Quel est le nom de Nino en héro ? Carapace
90%
Quel est le nom de Alya en héroïne ? renarouge
90%
Quel est le nom de Rose en héroïne ? Pigella
88%
Quel est le nom de Zoé en héroïne ? Vesperia
80%
Quel est le nom de Kagami en héroïne ? Ryuko
76%
Quel est le nom de Nathaniel en héro ? Caprikid
73%
Quel est le nom de Marc en héro ? Coq courage
67%
Quel est le nom de Max en héro ? Pégase
67%
Quel est le nom de Kim en héro ? Roi singe
65%
Quel est le nom de Sabrina en héroïne ? Traquemoiselle
65%
Quel est le nom de Ivan en héro ? Minautorox
61%
Quel est le nom de Jessica (spécial USA) en héroïne ? Aigle
10%
Aucun quiz correspondant
Distribution des résultats
% des personnes avec chaque résultat
Percentile par nombre de réponses
Votre historique - résultats
Vous n’avez pas pris ce quiz